Quizzes
Events
Quiz Creation
Community
Videos
Private Events
Remove Ads
Sign In
Join for FREE
Feedback
Dark Mode
Quiz Categories
Sports
Geography
Music
Movies
Television
Just For Fun
Miscellaneous
History
Literature
Language
Science
Gaming
Entertainment
Religion
Holiday
For Kids
Quiz Lab
Recent
Popular Today
Quiz Kudos Today
Editor Picks
Curator Picks
Quizzes by...
Day
Popularity
Type
Ratings
Length
Year
Community
Subscriptions
Recent Discussions
Orange Saloon
Badges
Playlists
Quests
Create
Leaderboards
Showdown
Live 5
Trivia Bingo
Activity
Puzzle Library
Sporcle Events
Private Events
Virtual Trivia
Globe League
Become a Host
Pub Owners
SporcleCon
Opinionation
Our Games
Videos
Blog
Mobile Apps
Partnerships
Remove Ads and Go Orange
Feedback
Geography
Country
Landmarks
City
State
Population
World
Capital
Continent
Flags
Europe
Africa
Asia
South America
North America
Oceania
Border
Canada
United Kingdom
Topography
United States
Geography
Country
Landmarks
City
State
Population
World
Capital
Continent
Flags
Europe
Africa
Asia
South America
North America
Oceania
Border
Canada
United Kingdom
Topography
United States
Random Quiz
Search Sporcle
×
Quiz Lab
Quiz Lab
Geography
United States
Type in answers that appear in a list
Type in answers that appear in a list
Classic
Best Score? Go Orange.
Airline Callsigns USA Stats
Can you name the Airline Callsigns USA?
By
belfordrocks
8m
20 Questions
68 Plays
68 Plays
68 Plays
Comments
Comments
Give Quiz Kudos
Give Quiz Kudos
-
- Ratings
hide this ad
More Info
Forced Order
Answers have to be entered in order
Answers have to be entered in order
Random Order
Randomize order of answers
Randomize order of answers
Replay
Link that replays current quiz
Next Quiz
Link to next quiz in quiz playlist
You Got
0%
They Got
Avg Score
25%
Avg Friend Score
Upgrade to see
Score Distribution
Jump to the score distribution portion of the page
Score
0/20
Timer
08:00
0
Plays Today
Callsign
Airline
% Correct
Cactus
US Airways
85.3%
Brickyard
Republic
47.1%
Redwood
Virgin America
45.6%
Citrus
AirTran
44.1%
Acey
ExpressJet
27.9%
Cair
Cape Air
27.9%
Compass Rose
Compass
26.5%
Mercury
Shuttle America
25%
Waterski
Trans States
23.5%
Air Shuttle
Mesa
23.5%
Callsign
Airline
% Correct
Critter
Valujet
22.1%
Lindbergh
GoJet
22.1%
Flagship
Pinnacle
22.1%
Blue Streak
PSA
22.1%
Ruby
Vision
8.8%
Sasquatch
SeaPort
7.4%
Getaway
USA 3000
5.9%
Shasta
Lynx
5.9%
New Dawn
EOS
5.9%
Speedbuggy
Go Mokulele
5.9%
Quiz Playlist
Details
Report
Send in Message
Add To Playlist
More Info:
Some tricky defunct airlines included as well!
Classic:
Type in answers that appear in a list
Forced Order:
Answers have to be entered in order
Random Order:
Randomize order of answers
Last Updated: Feb 16, 2017
Quiz Scoreboard
CHALLENGE
Sign Up to Join the Scoreboard
Show All
Scores
Hide
Comments
May contain spoilers
Recently Published
Alphabetical 'K' Countries by Flag Minefield
by ylime102
Geography
3m
Pick 6: Fruits
by JohnFran
Miscellaneous
15s
Click the 1999 NBA Draft
by nibperrychub
Sports
2m
More to Explore
Quiz From the Vault
Featured Blog Post
15 Basketball Trivia Facts You Can Be March Mad About
hide this ad
You Might Also Like...
Tags
United States Quiz
Airline
Airline Callsigns
callsign
Today's Top Quizzes in Geography
Browse Geography
hide this ad
Today's Top Quizzes in United States
Browse United States
Top Contributed Quizzes in Geography
1
Countries of the World - No Outlines Minefield
2
Pick 6: Mountains
3
Least Populated Answer: 'G' Countries
4
Alphabetical 'L' Countries By Flag Minefield
5
Lietuvos savivaldybės (Lithuanian Municipalities)
6
Alphabetical 'M' Countries By Flag Minefield
7
Pick 6: National Parks
8
Pick 6: US States
9
African Flag Reveal XXXVI
10
Find the Landmarks A-Z
Explore More
Trending Topics
Harry Potter
Marvel
Anime
Disney
Kpop
Crossword
NBA
Soccer
Puzzle
NFL
Country
Pokémon
WWE
Song
The Office
hide this ad
More By:
belfordrocks
Quiz
Plays
Rating
Category
Featured
Created
US Cities with Trans-Atlantic Air Service
979
3.68
Geography
Dec 24, 2011
US Cities with Trans-Pacific Air Service to Asia
381
2.43
Geography
Dec 25, 2011
Tenerife Airport Destinations
332
4.00
Geography
Nov 25, 2012
Frontier Airlines Destinations
287
2.20
Geography
Jun 18, 2011
'The Big Bang Theory' Quotes
238
2.50
Television
Sep 11, 2011
Go to Creator's Profile
Score Distribution
Quiz Creator Spotlight
belfordrocks
Follow
Send a Message
Quizzes Created
-
Created Quiz Play Count
-
More By This Creator
Popular Quizzes Today
1
Countries of Asia Without Outlines Minefield
2
Find the US States - No Outlines Minefield
3
Pick 6: Fruits
4
Alphabetical 'K' Countries by Flag Minefield
5
The Countries of the World
6
Find the US States
7
US States
8
Find the Countries of Europe - No Outlines Minefield
More Geography Quizzes
Asia by Any 2 Letters Blitz (no A, I, or O)
Quiz Lab
Trending Quizzes
Pick 6: Mountains
Pick 6: Harry Potter
Pick 6: Flags
Pick 6: NFL Teams
Pick 6: Movie Franchises
Recently Updated
NWSL Teams
pecheneg
Women's Final Four Teams by Year
bhenderson79
Presidents Quartet II
eogle
Anything But Clue(do)
eogle
Anything But Oceanian Capitals
eogle
Anything But 7
eogle
Anything But Thing
eogle
Word Ladder: February 29
pecheneg
Song Title Questions
pecheneg
Women's NCAA Tournament #1 Seeds
pecheneg
Trending Topics
Marvel
NBA
Harry Potter
Disney
Anime
Kpop
Crossword
Song
NFL
Country
Soccer
Puzzle
WWE
The Office
Pokémon
Your Account Isn't Verified!
In order to create a playlist on Sporcle, you need to verify the email address you used during registration. Go to your
Sporcle Settings
to finish the process.
Report this User
Report this user for behavior that violates our
Community Guidelines
.
Details:
Send Report
Go to the Sporcle.com Mobile Site →
Comments